000 00346pam a2200133 a 4500
020 _a0-07-463060-1
_c
041 _h
082 _a005.133
_bCOX
100 _aCOX T.B.,
245 _aORACLE WORKGROUP SERVER HANDBOOK
_hTextual Documents
260 _aNEW DELHI
_bTATA MCGRAW-HILL PUBLISHHING CO. LTD.
_c1997
300 _aXXII+287
930 _a5742
999 _c125215
_d125215